000 01250cam a2200349 i 4500
001 25598
003 Mx-PuUPA
005 20250626154020.0
008 140415s2016 mx ao gr 001 0 spa d
020 _a9786079704919
040 _cMx-PuUPA
_aMx-PuUPA
_bspa
_dMx-PuUPA
_erda
041 0 _aspa
043 _an-mx---
245 1 0 _aPrisiones en México :
_bmemoria visual y escrita /
_cRenato Sales Heredia, Alejandro Rosas Robles [y otros cinco]
250 _aPrimera edición
264 1 _aMéxico :
_bDGE | El Equilibrista Otra Vez,
_c2016
300 _a223 páginas :
_bilustraciones, fotografías, planos ;
_c30 cm
336 _2rdacontent
_atexto
_btxt
337 _2rdamedia
_acomputadora
_bc
338 _2rdacarrier
_aremoto
_bcr
650 7 _2armarc
_aEncarcelamiento
_zMéxico
650 7 _2armarc
_aPresos
_xSituación Legal
_zMéxico
650 7 _2armarc
_aPresos
_xCondiciones sociales
_zMéxico
650 7 _2armarc
_aPrisiones
_zMéxico
_xHistoria
655 _aLibros electrónicos
700 1 _aSales Heredia, Renato,
_eautor
700 1 _aRosas Robles, Alejandro,
_eautor
942 _2ddc
_cLI
_h365.972
_iP45
999 _c25598
_d25598